<?xml version="1.0" encoding="UTF-8"?>
<record
    xmlns:xsi="http://www.w3.org/2001/XMLSchema-instance"
    xsi:schemaLocation="http://www.loc.gov/MARC21/slim http://www.loc.gov/standards/marcxml/schema/MARC21slim.xsd"
    xmlns="http://www.loc.gov/MARC21/slim">

  <leader>02954njm a2200589Ia 4500</leader>
  <controlfield tag="001">20536</controlfield>
  <controlfield tag="003">IT-RoPAU</controlfield>
  <controlfield tag="005">20220918181123.0</controlfield>
  <controlfield tag="008">131025s9999    xx            000 0 und d</controlfield>
  <datafield tag="040" ind1=" " ind2=" ">
    <subfield code="a">IT-RoPAU</subfield>
  </datafield>
  <datafield tag="040" ind1=" " ind2=" ">
    <subfield code="c">IT-RoPAU</subfield>
  </datafield>
  <datafield tag="041" ind1=" " ind2=" ">
    <subfield code="a">INGLESE</subfield>
  </datafield>
  <datafield tag="999" ind1=" " ind2=" ">
    <subfield code="c">99936</subfield>
    <subfield code="d">99936</subfield>
  </datafield>
  <datafield tag="999" ind1=" " ind2=" ">
    <subfield code="b">n.d.</subfield>
  </datafield>
  <datafield tag="100" ind1=" " ind2=" ">
    <subfield code="a">AA.VV.</subfield>
    <subfield code="9">794</subfield>
  </datafield>
  <datafield tag="100" ind1=" " ind2=" ">
    <subfield code="e">Autore musica</subfield>
    <subfield code="9">1970</subfield>
  </datafield>
  <datafield tag="100" ind1=" " ind2=" ">
    <subfield code="g">Codice autore musica SPICS: 12000</subfield>
    <subfield code="9">796</subfield>
  </datafield>
  <datafield tag="245" ind1=" " ind2=" ">
    <subfield code="a">Disco Mix 12' (Lp Fulltime Records promozionale)</subfield>
  </datafield>
  <datafield tag="250" ind1=" " ind2=" ">
    <subfield code="a">1a ed.</subfield>
  </datafield>
  <datafield tag="260" ind1=" " ind2=" ">
    <subfield code="a">MILANO</subfield>
  </datafield>
  <datafield tag="260" ind1=" " ind2=" ">
    <subfield code="b">FULLTIME RECORDS</subfield>
    <subfield code="c">1983 [1a Ed.:1983 - Ed. Lingua Orig.: 1983]</subfield>
  </datafield>
  <datafield tag="300" ind1=" " ind2=" ">
    <subfield code="a">DISCO</subfield>
  </datafield>
  <datafield tag="300" ind1=" " ind2=" ">
    <subfield code="c">35 minuti (Testo:  pag.)</subfield>
  </datafield>
  <datafield tag="500" ind1=" " ind2=" ">
    <subfield code="a">Dance music. Disco promozionale fuori commercio</subfield>
  </datafield>
  <datafield tag="505" ind1=" " ind2=" ">
    <subfield code="a">I Need Love (5:00) - Everybody Likes Dancing (5:00) - Rap o Hush (5:00) - Turn the Music On (4:00) - Believe in Yourself (6:00) - Do I do 5:00) - Carmen (5:00) - Can We Go (4:00)</subfield>
  </datafield>
  <datafield tag="511" ind1=" " ind2=" ">
    <subfield code="a">Kano</subfield>
  </datafield>
  <datafield tag="511" ind1=" " ind2=" ">
    <subfield code="a">Akaba</subfield>
  </datafield>
  <datafield tag="511" ind1=" " ind2=" ">
    <subfield code="a">Dance Mario</subfield>
  </datafield>
  <datafield tag="511" ind1=" " ind2=" ">
    <subfield code="a">Orlando Johnson and Trance</subfield>
  </datafield>
  <datafield tag="511" ind1=" " ind2=" ">
    <subfield code="a">Creatures (The) </subfield>
  </datafield>
  <datafield tag="511" ind1=" " ind2=" ">
    <subfield code="a">McGee Maurice</subfield>
  </datafield>
  <datafield tag="511" ind1=" " ind2=" ">
    <subfield code="a">Stars On Donna - Medley</subfield>
  </datafield>
  <datafield tag="511" ind1=" " ind2=" ">
    <subfield code="a">Electric Mind</subfield>
  </datafield>
  <datafield tag="650" ind1=" " ind2=" ">
    <subfield code="a">POP [DISCHI]</subfield>
    <subfield code="e">Codice MATERIA SPICS: 9950</subfield>
    <subfield code="9">1001</subfield>
  </datafield>
  <datafield tag="700" ind1=" " ind2=" ">
    <subfield code="a">White Georgia</subfield>
    <subfield code="d">Codice autore musica SPICS: 23217</subfield>
    <subfield code="e">Autore musica</subfield>
    <subfield code="p">I Need Love</subfield>
    <subfield code="9">1971</subfield>
  </datafield>
  <datafield tag="700" ind1=" " ind2=" ">
    <subfield code="a">Ninzatti L.</subfield>
    <subfield code="d">Codice autore SPICS: 23216</subfield>
    <subfield code="e">Autore</subfield>
    <subfield code="p">I Need Love</subfield>
    <subfield code="9">1972</subfield>
  </datafield>
  <datafield tag="700" ind1=" " ind2=" ">
    <subfield code="a">Pulga S.</subfield>
    <subfield code="d">Codice autore testo/musica SPICS: 23215</subfield>
    <subfield code="e">Autore testo/musica</subfield>
    <subfield code="p">I Need Love</subfield>
    <subfield code="9">1973</subfield>
  </datafield>
  <datafield tag="700" ind1=" " ind2=" ">
    <subfield code="a">Settanni L.</subfield>
    <subfield code="d">Codice autore testo/musica SPICS: 23218</subfield>
    <subfield code="e">Autore testo/musica</subfield>
    <subfield code="p">Everybody Likes Dancing</subfield>
    <subfield code="9">1974</subfield>
  </datafield>
  <datafield tag="700" ind1=" " ind2=" ">
    <subfield code="a">Simoncioni F.</subfield>
    <subfield code="d">Codice autore testo/musica SPICS: 23219</subfield>
    <subfield code="e">Autore testo/musica</subfield>
    <subfield code="p">Rap o Hush</subfield>
    <subfield code="9">1975</subfield>
  </datafield>
  <datafield tag="700" ind1=" " ind2=" ">
    <subfield code="a">Johnson Orlando</subfield>
    <subfield code="d">Codice autore musica SPICS: 13298</subfield>
    <subfield code="e">Autore musica</subfield>
    <subfield code="p">Turn the Music On</subfield>
    <subfield code="9">1976</subfield>
  </datafield>
  <datafield tag="700" ind1=" " ind2=" ">
    <subfield code="a">Zannini M.</subfield>
    <subfield code="d">Codice autore testo/musica SPICS: 23221</subfield>
    <subfield code="e">Autore testo/musica</subfield>
    <subfield code="p">Turn the Music On</subfield>
    <subfield code="9">1977</subfield>
  </datafield>
  <datafield tag="700" ind1=" " ind2=" ">
    <subfield code="a">Sangy</subfield>
    <subfield code="d">Codice autore musica SPICS: 23209</subfield>
    <subfield code="e">Autore musica</subfield>
    <subfield code="p">Believe in Yourself</subfield>
    <subfield code="9">1978</subfield>
  </datafield>
  <datafield tag="700" ind1=" " ind2=" ">
    <subfield code="a">Flores M.</subfield>
    <subfield code="d">Codice autore testo/musica SPICS: 23208</subfield>
    <subfield code="e">Autore testo/musica SPICS: 23208</subfield>
    <subfield code="p">Believe in Yourself</subfield>
    <subfield code="9">1979</subfield>
  </datafield>
  <datafield tag="700" ind1=" " ind2=" ">
    <subfield code="a">De Scalzi Vittorio</subfield>
    <subfield code="d">Codice autore musica SPICS: 23211</subfield>
    <subfield code="e">Autore musica</subfield>
    <subfield code="p">Do I do</subfield>
    <subfield code="9">1980</subfield>
  </datafield>
  <datafield tag="700" ind1=" " ind2=" ">
    <subfield code="a">Madonia D.</subfield>
    <subfield code="d">Codice autore SPICS: 23212</subfield>
    <subfield code="e">Autore</subfield>
    <subfield code="p">Do I do</subfield>
    <subfield code="9">1981</subfield>
  </datafield>
  <datafield tag="700" ind1=" " ind2=" ">
    <subfield code="a">Fois L.</subfield>
    <subfield code="d">Codice autore testo/musica SPICS: 2321</subfield>
    <subfield code="e">Autore testo/musica</subfield>
    <subfield code="p">Do I do</subfield>
    <subfield code="9">1982</subfield>
  </datafield>
  <datafield tag="700" ind1=" " ind2=" ">
    <subfield code="a">Esposito Tony</subfield>
    <subfield code="d">Codice autore musica SPICS: 1121</subfield>
    <subfield code="e">Autore musica</subfield>
    <subfield code="p">Carmen</subfield>
    <subfield code="9">1983</subfield>
  </datafield>
  <datafield tag="700" ind1=" " ind2=" ">
    <subfield code="a">Moroder Giorgio</subfield>
    <subfield code="d">Codice autore SPICS:  1239</subfield>
    <subfield code="e">Autore</subfield>
    <subfield code="p">Carmen</subfield>
    <subfield code="9">1984</subfield>
  </datafield>
  <datafield tag="700" ind1=" " ind2=" ">
    <subfield code="a">Gloves</subfield>
    <subfield code="d">Codice autore testo/musica SPICS: 23147</subfield>
    <subfield code="e">Autore testo/musica</subfield>
    <subfield code="p">Carmen</subfield>
    <subfield code="9">1985</subfield>
  </datafield>
  <datafield tag="700" ind1=" " ind2=" ">
    <subfield code="a">Kynsha L.</subfield>
    <subfield code="d">Codice autore musica SPICS: 23214</subfield>
    <subfield code="e">Autore musica</subfield>
    <subfield code="p">Can We Go</subfield>
    <subfield code="9">1986</subfield>
  </datafield>
  <datafield tag="700" ind1=" " ind2=" ">
    <subfield code="a">Violante M.</subfield>
    <subfield code="d">Codice autore testo/musica SPICS: 23213</subfield>
    <subfield code="e">Autore testo/musica</subfield>
    <subfield code="p">Can We Go</subfield>
    <subfield code="9">1987</subfield>
  </datafield>
  <datafield tag="942" ind1=" " ind2=" ">
    <subfield code="c">MD</subfield>
    <subfield code="2">ddc</subfield>
  </datafield>
  <datafield tag="952" ind1=" " ind2=" ">
    <subfield code="0">0</subfield>
    <subfield code="1">0</subfield>
    <subfield code="4">0</subfield>
    <subfield code="6">20536_000000000000000</subfield>
    <subfield code="7">1</subfield>
    <subfield code="a">SPICS</subfield>
    <subfield code="b">SPICS</subfield>
    <subfield code="d">2013-10-25</subfield>
    <subfield code="l">0</subfield>
    <subfield code="o">20536</subfield>
    <subfield code="r">2013-10-25 00:00:00</subfield>
    <subfield code="w">2013-10-25</subfield>
    <subfield code="y">MD</subfield>
    <subfield code="z">Progr. Ins.: 3843 / N.Vol.: 1 / Copie: 1 - Copia rara: n.d. / date import: 01.01.2014 - By Epidotti, Trombetti, Vaglietti</subfield>
  </datafield>
</record>
